000 00775nam a2200289Ia 4500
001 Z_3921
003 CHAP
008 220113s1994 xx 000 0 und d
010 _a166982
040 _cCHAP
082 _a641.1 D52y
100 _aDiccionario de nutrición y tecnología de los alimentos
_9141150
245 _a/
_cpor Arnold E. Bender
260 _aZaragoza :
_bAcribia,
_c1994
300 _a341 p.
440 _a
500 _aTrad. De : Dictionary of nutrition and food technology. 6 ed. 1990
503 _aC/E
650 _aAlimentos
_xTecnología
_xDiccionarios I. Bender, Arnold E
_9141151
650 _aNutrición
_xDiccionarios
_982252
901 _a641.1 D52y
902 _aA
910 _a1994
942 _c1
942 _cc1
999 _c166982
_d166982